00386nam a2200169Ia 4500003000400000005001700004008004100021020001900062040000700081041000800088082001600096100001800112245004800130260001700178300000900195650001200204OSt20251126122732.0250729s1906 xx 000 0 und d a978-1333915247 cAL aeng a808.51 CARE aCarpenter G R aExercises in rhetoric & english composition aLondonc1906 a220p aEnglish